Pediatric acute care : (Record no. 2413)
[ view plain ]
| 000 -LEADER | |
|---|---|
| fixed length control field | 00940cam a2200241 i 4500 |
| 008 - FIXED-LENGTH DATA ELEMENTS--GENERAL INFORMATION | |
| fixed length control field | 240515s2021 moua b 001 0 eng |
| 020 ## - INTERNATIONAL STANDARD BOOK NUMBER | |
| ISBN | 9780323673327 |
| 245 10 - TITLE STATEMENT | |
| Title | Pediatric acute care : |
| Remainder of title | a guide for interprofessional practice / |
| Statement of responsibility, etc | edited by Beth Nachtsheim Bolick, Karin Reuter-Rice, Maureen A. Madden, Paul N. Severin. |
| 250 ## - EDITION STATEMENT | |
| Edition statement | 2nd edition. |
| 260 ## - PUBLICATION, DISTRIBUTION, ETC. (IMPRINT) | |
| Place of publication | Missouri |
| Name of publisher | Elsevier Ltd |
| Date of publication | 2021 |
| 300 ## - COLLATION | |
| Pagination | xxvi, 1252 pages : |
| Other physical details | illustrations (some color) ; |
| 500 ## - GENERAL NOTE | |
| General note | Revised edition of: Pediatric acute care : a guide for interprofessional practice / edited by Karin Reuter-Rice, Beth Bolick. [2012]. |
| 650 #0 - TRACINGS | |
| Main Subject | Pediatric emergencies. |
| 650 #0 - TRACINGS | |
| Main Subject | Pediatric intensive care. |
| 650 #0 - TRACINGS | |
| Main Subject | Pediatric nursing. |
| 700 1# - ADDITIONAL AUTHOR | |
| Additional Author | Bolick, Beth Nachtsheim, |
| 700 1# - ADDITIONAL AUTHOR | |
| Additional Author | Reuter-Rice, Karin, |
| 700 1# - ADDITIONAL AUTHOR | |
| Additional Author | Madden, Maureen A., |
| 700 1# - ADDITIONAL AUTHOR | |
| Additional Author | Severin, Paul N., |
| 942 ## - ADDED ENTRY ELEMENTS (KOHA) | |
| Item type | Books |
| 050 00 - LIBRARY OF CONGRESS CALL NUMBER | |
| Classification number | RJ370 |
| Item number | .P382 2021 |
| 082 00 - DEWEY DECIMAL CLASSIFICATION NUMBER | |
| Classification number | 618.92/0025 |
| Source of classification or shelving scheme | Not for loan | Permanent location | Current location | Date acquired | Accession No. | Full call number | Barcode. | Koha item type |
|---|---|---|---|---|---|---|---|---|
| Library of Congress Classification | Medical Library | Medical Library | 03/18/2025 | 2024/63622 | RJ370.P43 | 2025-0677 | Books |